Statistics for Police Academy: Most Recurring Characters

Click here to take the quiz!

General Stats

  • This quiz has been taken 34 times
  • The average score is 11 of 24

Answer Stats

N:o of appearancesCharacterIn movies% Correct
6Moses Hightower1-6
83%
4Carey Mahoney1-4
78%
7Eugene Tackleberry1-7
72%
5Thaddeus Harris1, 4-7
72%
7Eric Lassard1-7
67%
7Larvell Jones1-7
67%
2Nick Lassard5-6
67%
5Carl Proctor2-6
61%
4Douglas Fackler1-3, 6
61%
6Laverne Hooks1-6
61%
2Violet Fackler1, 3
61%
2Ernie Mauser2-3
56%
3Zed McGlunk2-4
56%
3Carl Sweetchuck2-4
44%
6Debbie Callahan1, 3-7
39%
3Chad Copeland1, 3-4
22%
3Bud Kirkland2-4
17%
6Henry Hurst1-6
17%
2Kathleen Kirkland2, 4
17%
4Mr. Kirkland2-4, 6
17%
2Mrs. Kirkland2, 4
17%
2Tommy Conklin4-5
17%
2Kyle Blankes1, 3
11%
2Tomoko Nogata3-4
11%

Score Distribution

Percentile by Number Answered

Percent of People with Each Score

Your Score History

You have not taken this quiz